00754nam a22001695i 4500001000700000003000900007005001700016008004100033040002000074100002500094245022800119260011900347300002600466650001200492700001400504852006600518161348ES-MaACL20230906212251.0041018q18901910it |||| | ger d aCAM bspa cCAM0 aPappafava, Vladimir.14aDie moderne pressgesetzgebung insbesondere der österreichische pressreformentwurfb: eine geschichtlich-rechtsvergleichende studie / cvon Vladimir Pappafava ; aus dem italienischen übersetzt und ergänzt von A. Simon. aZara : bverlag der Internationalem Buchhandlung H.v. Schönfeld ;aLeipzig (fK.F. Koehler, buchhandlungc[s.a.] aIV, 288 p. ; c22 cm.04aPrensa.1 aSimon, A. aES-MaACLjG-2808 z-- Enc. hol., conservando la cub. original